[Event "Regionalliga SW 1011"]
[Site "Bayern"]
[Date "2011.02.27"]
[Round "7.5"]
[White "Wlokka, Clemens"]
[Black "Stoehr, Herbert"]
[Result "0-1"]
[WhiteElo "1907"]
[BlackElo "1905"]
[PlyCount "100"]
[EventDate "2010.10.10"]
[EventType "team-tourn"]
[EventRounds "9"]
[EventCountry "GER"]
[SourceTitle "EXT 2012"]
[Source "ChessBase"]
[SourceDate "2011.11.24"]
[SourceVersion "1"]
[SourceVersionDate "2011.11.24"]
[SourceQuality "1"]
[WhiteTeam "Goeggingen"]
[BlackTeam "Muenchen Schwabing"]
[WhiteTeamCountry "GER"]
[BlackTeamCountry "GER"]

1. d4 d5 2. c4 c6 3. Nc3 Nf6 4. e3 e6 5. Nf3 Be7 6. Bd2 0-0 7. c5 Nfd7 8. b4 f6 9. e4 Qc7 10. Bd3 b6 11. Bb1 f5 12. e5 Na6 13. a3 bxc5 14. bxc5 Naxc5 15. Nxd5 cxd5 16. Bb4 a5 17. Bxc5 Bxc5 18. dxc5 Ba6 19. Qd4 Qxc5 20. Qxc5 Nxc5 21. Nd4 Kf7 22. f4 Rfc8 23. Kd2 Rab8 24. Bc2 Rb2 25. Rhb1 Nb3+ 26. Nxb3 Rbxc2+ 27. Kd1 Rxg2 28. Rc1 a4 29. Nc5 Bc4 30. Nb7 Bb3+ 31. Ke1 Rxc1+ 32. Rxc1 Rg1+ 33. Kd2 Rxc1 34. Kxc1 h6 35. Nc5 g5 36. fxg5 hxg5 37. Kd2 f4 38. Ke2 Kg6 39. Nxe6 Kf5 40. Nd4+ Kxe5 41. Nf3+ Kf6 42. h3 Bc4+ 43. Kf2 Bb5 44. Ke1 Bd7 45. Ng1 Bf5 46. Kf2 Be4 47. Ne2 Ke5 48. Nc3 Bf5 49. Kg2 Bd7 50. Kf3 d4 0-1

[Event "Regionalliga SW 0910"]
[Site "Bayern"]
[Date "2010.02.07"]
[Round "6.6"]
[White "Stoehr, Herbert"]
[Black "Lux, Werner"]
[Result "1/2-1/2"]
[WhiteElo "1917"]
[BlackElo "1976"]
[PlyCount "119"]
[EventDate "2009.10.18"]
[EventType "team-tourn"]
[EventRounds "9"]
[EventCountry "GER"]
[SourceTitle "EXT 2011"]
[Source "ChessBase"]
[SourceDate "2010.11.26"]
[SourceVersion "1"]
[SourceVersionDate "2010.11.26"]
[SourceQuality "1"]
[WhiteTeam "Muenchen Schwabing"]
[BlackTeam "Tuerkheim/Bad Woerishofen"]
[WhiteTeamCountry "GER"]
[BlackTeamCountry "GER"]

1. e4 c5 2. Nf3 e6 3. d4 cxd4 4. Nxd4 Qb6 5. Nb3 Qc7 6. Nc3 a6 7. Bd3 b5 8. 0-0 Bb7 9. Bd2 Nf6 10. Qe2 d6 11. a4 b4 12. Na2 a5 13. c3 bxc3 14. Nxc3 Qd8 15. Rfc1 Be7 16. Nb5 Nc6 17. N5d4 Nxd4 18. Nxd4 0-0 19. Nc6 Bxc6 20. Rxc6 Nd7 21. Bb5 Nc5 22. Be3 Qb8 23. Qc4 e5 24. Rc1 Rc8 25. Rxc8+ Qxc8 26. Qd5 Qd8 27. f4 Ne6 28. f5 Nf4 29. Qc6 Rb8 30. Ba7 Ra8 31. Bb6 Qf8 32. g3 Nh5 33. Qc3 Nf6 34. Bc6 Rc8 35. Qe1 Bd8 36. Qxa5 Bxb6+ 37. Qxb6 Nxe4 38. Re1 Nc5 39. Bb5 Rb8 40. Qc6 Rc8 41. Qd5 Ra8 42. Ra1 Qb8 43. b4 Na6 44. Rb1 Qb6+ 45. Kg2 Nc7 46. Qf3 Rd8 47. Qc6 Qa7 48. Rc1 Nxb5 49. Qxb5 Qe3 50. Rf1 Rc8 51. Rf2 Qe4+ 52. Kh3 h5 53. Qe2 Qxb4 54. Qxh5 Qxa4 55. f6 Qd7+ 56. Kg2 gxf6 57. Qh6 Qe6 58. Rxf6 Rc2+ 59. Kg1 Rc1+ 60. Kg2 1/2-1/2

[Event "Bad Griesbach Seniors op 12th"]
[Site "Bad Griesbach"]
[Date "2009.12.05"]
[Round "7"]
[White "Stoehr, Herbert"]
[Black "Weinwurm, Wolfgang"]
[Result "0-1"]
[WhiteElo "1909"]
[BlackElo "1986"]
[PlyCount "42"]
[EventDate "2009.11.29"]
[EventType "swiss"]
[EventRounds "7"]
[EventCountry "GER"]
[SourceTitle "EXT 2015"]
[Source "ChessBase"]
[SourceDate "2014.11.20"]
[SourceVersion "1"]
[SourceVersionDate "2014.11.20"]
[SourceQuality "1"]

1. e4 e5 2. Nf3 Nc6 3. Bb5 a6 4. Ba4 Nf6 5. 0-0 b5 6. Bb3 Bc5 7. Nxe5 Nxe5 8. d4 Bxd4 9. Qxd4 d6 10. f4 c5 11. Qd1 Neg4 12. Bd5 Nxd5 13. Qxd5 Ra7 14. e5 0-0 15. h3 Be6 16. Qxd6 Rd7 17. Qxc5 Bc4 18. Nd2 Bxf1 19. hxg4 Be2 20. Nf3 Bxf3 21. gxf3 Rd1+ 0-1

[Event "Bad Griesbach Seniors op 12th"]
[Site "Bad Griesbach"]
[Date "2009.12.04"]
[Round "6"]
[White "Slechta, Karel"]
[Black "Stoehr, Herbert"]
[Result "1/2-1/2"]
[WhiteElo "1863"]
[BlackElo "1909"]
[PlyCount "60"]
[EventDate "2009.11.29"]
[EventType "swiss"]
[EventRounds "7"]
[EventCountry "GER"]
[SourceTitle "EXT 2015"]
[Source "ChessBase"]
[SourceDate "2014.11.20"]
[SourceVersion "1"]
[SourceVersionDate "2014.11.20"]
[SourceQuality "1"]

1. e4 c5 2. Nf3 d6 3. d4 cxd4 4. Nxd4 Nf6 5. Nc3 a6 6. Bg5 e6 7. f4 Be7 8. Qf3 h6 9. Bh4 Nfd7 10. Bxe7 Qxe7 11. 0-0-0 Nc6 12. Bc4 0-0 13. g4 Nxd4 14. Rxd4 b5 15. Bb3 Nc5 16. Rhd1 Rd8 17. e5 Bb7 18. Qf2 d5 19. a3 Bc6 20. h4 a5 21. f5 Nd7 22. Rf1 Nxe5 23. Qe3 b4 24. Qxe5 bxc3 25. fxe6 cxb2+ 26. Kxb2 f6 27. Qf5 a4 28. Bxd5 Rab8+ 29. Ka2 Bxd5+ 30. Rxd5 Rd6 1/2-1/2

[Event "Landesliga Sued 0506"]
[Site "Bayern"]
[Date "2006.01.29"]
[Round "6.6"]
[White "Holl, Andreas"]
[Black "Stoehr, Herbert"]
[Result "1-0"]
[WhiteElo "2120"]
[BlackElo "1992"]
[PlyCount "49"]
[EventDate "2005.10.23"]
[EventType "team-tourn"]
[EventRounds "9"]
[EventCountry "GER"]
[SourceTitle "EXT 2007"]
[Source "ChessBase"]
[SourceDate "2006.11.23"]
[SourceVersion "1"]
[SourceVersionDate "2006.11.23"]
[SourceQuality "1"]
[WhiteTeam "Ingolstadt"]
[BlackTeam "Schwabing SG Nord"]
[WhiteTeamCountry "GER"]
[BlackTeamCountry "GER"]

1. d4 Nf6 2. Nf3 e6 3. c4 d5 4. g3 Be7 5. Bg2 0-0 6. 0-0 c5 7. cxd5 Nxd5 8. Nc3 Nc6 9. e4 Nxc3 10. bxc3 b6 11. Be3 cxd4 12. cxd4 Ba6 13. Re1 Bb4 14. Bd2 Bxd2 15. Qxd2 Rc8 16. d5 exd5 17. exd5 Na5 18. Nd4 g6 19. Qf4 Qd7 20. h4 Rfd8 21. Qg5 Re8 22. h5 Rc4 23. Nf5 Rc7 24. Qf6 gxf5 25. h6 1-0

[Event "Regionalliga SW 0304"]
[Site "Bayern"]
[Date "2003.10.12"]
[Round "1.7"]
[White "Stoehr, Herbert"]
[Black "Bohnhoff, Peter"]
[Result "1/2-1/2"]
[WhiteElo "1967"]
[BlackElo "1971"]
[PlyCount "83"]
[EventDate "2003.10.??"]
[EventType "team-tourn"]
[EventRounds "9"]
[EventCountry "GER"]
[SourceTitle "EXT 2006"]
[Source "ChessBase"]
[SourceDate "2005.11.24"]
[SourceVersion "1"]
[SourceVersionDate "2005.11.24"]
[SourceQuality "1"]
[WhiteTeam "Muenchen 77 Nord"]
[BlackTeam "Muenchen RTA"]
[WhiteTeamCountry "GER"]
[BlackTeamCountry "GER"]

1. e4 e5 2. Nf3 Nc6 3. Bb5 a6 4. Ba4 Nf6 5. 0-0 Nxe4 6. d4 b5 7. Bb3 d5 8. dxe5 Be6 9. c3 Be7 10. Nbd2 Nc5 11. Bc2 Bg4 12. Qe1 Qd7 13. Nd4 Nxd4 14. cxd4 Ne6 15. Nb3 c5 16. dxc5 Nxc5 17. Nd4 0-0 18. h3 Bh5 19. Bf5 Ne6 20. Be3 Bg6 21. Nxe6 fxe6 22. Bxg6 hxg6 23. Qd2 Rac8 24. Rac1 Rc4 25. Rxc4 bxc4 26. Rc1 Rc8 27. Bd4 Bc5 28. Bxc5 Rxc5 29. Qd4 Rc8 30. Qb6 Rc6 31. Qd4 Rc8 32. Rc2 Rc7 33. Kf1 Qb5 34. Kg1 Qd7 35. Kf1 Qb5 36. Kg1 Qd7 37. Qb6 Rc6 38. Qd4 Rc8 39. Rc3 Rc6 40. b3 cxb3 41. Rxb3 Qc7 42. f4 1/2-1/2

[Event "Regionalliga SW 0203"]
[Site "Bayern"]
[Date "2002.10.20"]
[Round "1.7"]
[White "Karrer, Werner"]
[Black "Stoehr, Herbert"]
[Result "1-0"]
[WhiteElo "1957"]
[BlackElo "1996"]
[PlyCount "101"]
[EventDate "2002.10.20"]
[EventType "team-tourn"]
[EventRounds "9"]
[EventCountry "GER"]
[SourceTitle "EXT 2004"]
[Source "ChessBase"]
[SourceDate "2003.11.25"]
[SourceVersion "1"]
[SourceVersionDate "2003.11.25"]
[SourceQuality "1"]
[WhiteTeam "Muenchen RTA"]
[BlackTeam "Muenchen 77 Nord"]
[WhiteTeamCountry "GER"]
[BlackTeamCountry "GER"]

1. e4 c5 2. Nf3 d6 3. d4 cxd4 4. Nxd4 Nf6 5. Nc3 a6 6. Be2 e5 7. Nf5 Bxf5 8. exf5 d5 9. Bg5 d4 10. Bxf6 Qxf6 11. Nd5 Qd8 12. c4 dxc3 13. Qa4+ Nc6 14. Nxc3 Qd4 15. 0-0 Qxa4 16. Nxa4 Nd4 17. Bd3 0-0-0 18. f4 exf4 19. Rxf4 Be7 20. Nc3 Rd7 21. Bc4 Bc5 22. Kh1 b5 23. Ne4 Bb6 24. Bxf7 Kb8 25. Bb3 Nxb3 26. axb3 Bd4 27. Rxa6 Bxb2 28. Rf1 Bd4 29. Rd6 Rxd6 30. Nxd6 b4 31. Nf7 Rc8 32. Ng5 Rc3 33. Ne6 Be5 34. Rb1 Rc2 35. Ng5 h6 36. Nf3 Bf6 37. Kg1 Kc7 38. g4 Kc6 39. h4 Kd5 40. g5 hxg5 41. hxg5 Be7 42. Rd1+ Kc5 43. Rd7 Re2 44. Nd4 Re5 45. Ne6+ Kc6 46. Rxe7 Kd6 47. Rf7 g6 48. Nf4 gxf5 49. g6 Re3 50. Kg2 Re8 51. Rxf5 1-0

[Event "Regionalliga SW 0102"]
[Site "Bayern"]
[Date "2002.02.24"]
[Round "6.6"]
[White "Beisswenger, Martin"]
[Black "Stoehr, Herbert"]
[Result "1/2-1/2"]
[WhiteElo "1860"]
[BlackElo "2030"]
[PlyCount "92"]
[EventDate "2001.10.07"]
[EventType "team-tourn"]
[EventRounds "9"]
[EventCountry "GER"]
[SourceTitle "EXT 2003"]
[Source "ChessBase"]
[SourceDate "2002.11.25"]
[SourceVersion "1"]
[SourceVersionDate "2002.11.25"]
[SourceQuality "1"]
[WhiteTeam "Burlafingen"]
[BlackTeam "Muenchen 77"]
[WhiteTeamCountry "GER"]
[BlackTeamCountry "GER"]

1. d4 Nf6 2. Nf3 g6 3. c4 Bg7 4. Nc3 0-0 5. e4 d6 6. Be2 e5 7. 0-0 Nc6 8. d5 Ne7 9. Ne1 Ne8 10. f3 f5 11. g4 fxg4 12. fxg4 Rxf1+ 13. Kxf1 h6 14. h4 Kh7 15. g5 Qd7 16. Kg1 Ng8 17. Ng2 Bf8 18. Qd3 Qh3 19. Bd2 Qxd3 20. Bxd3 h5 21. Rf1 Kg7 22. Ne2 Bd7 23. Ne3 Be7 24. Ng3 Kh8 25. Bc3 Ng7 26. Ne2 Rf8 27. Rxf8 Bxf8 28. b4 Ne7 29. Nc1 Kg8 30. Kf2 Kf7 31. c5 Nc8 32. Nc4 Ke8 33. cxd6 cxd6 34. Nb3 Kd8 35. Bd2 Kc7 36. Be3 Be7 37. Nbd2 Ne8 38. Nf3 Ng7 39. Be2 b5 40. Nb2 Nb6 41. Bd2 Kb7 42. Ke1 Bd8 43. Kd1 Nc8 44. Be3 Bb6 45. Bxb6 Nxb6 46. Kc2 a6 1/2-1/2

[Event "Regionalliga SW 0102"]
[Site "Bayern"]
[Date "2002.02.03"]
[Round "5.7"]
[White "Wiechmann, Gernot"]
[Black "Stoehr, Herbert"]
[Result "0-1"]
[WhiteElo "1880"]
[BlackElo "2030"]
[PlyCount "92"]
[EventDate "2001.10.07"]
[EventType "team-tourn"]
[EventRounds "9"]
[EventCountry "GER"]
[SourceTitle "EXT 2003"]
[Source "ChessBase"]
[SourceDate "2002.11.25"]
[SourceVersion "1"]
[SourceVersionDate "2002.11.25"]
[SourceQuality "1"]
[WhiteTeam "Sonthofen"]
[BlackTeam "Muenchen 77"]
[WhiteTeamCountry "GER"]
[BlackTeamCountry "GER"]

1. e4 c5 2. Nf3 d6 3. d4 cxd4 4. Nxd4 Nf6 5. Nc3 g6 6. Be2 Bg7 7. Be3 0-0 8. 0-0 Nc6 9. Nb3 a6 10. f4 Qc7 11. g4 e6 12. h4 b5 13. a3 d5 14. exd5 Nxd5 15. Nxd5 exd5 16. c3 Re8 17. Bc5 Na5 18. Nxa5 Qxc5+ 19. Rf2 Qc7 20. Qxd5 Be6 21. Qh1 Qc5 22. Bf3 Rac8 23. Rd1 Qb6 24. Nc6 Bb3 25. Ra1 Re6 26. Nb4 Bf8 27. Kg2 Rce8 28. Nd5 Qd6 29. Kg3 Bxd5 30. Bxd5 Re3+ 31. Bf3 R8e4 32. Kg2 Rxf4 33. Qh3 Qc5 34. Rd1 Be7 35. h5 g5 36. Qh1 h6 37. Rdd2 Rexf3 38. Rxf3 Rxf3 39. Qe1 Rf4 40. Kh3 Rf3+ 41. Kg2 Rf4 42. Kh3 Kg7 43. Rd7 Bf6 44. Qe6 Rf3+ 45. Kg2 Qf2+ 46. Kh1 Rh3# 0-1

[Event "Regionalliga SW 0001"]
[Site "Bayern"]
[Date "2000.11.12"]
[Round "2.6"]
[White "Stoehr, Herbert"]
[Black "Geyer, Thomas"]
[Result "1-0"]
[WhiteElo "1950"]
[BlackElo "1774"]
[PlyCount "67"]
[EventDate "2000.10.15"]
[EventType "team-tourn"]
[EventRounds "9"]
[EventCountry "GER"]
[SourceTitle "EXT 2020"]
[Source "ChessBase"]
[SourceDate "2019.10.17"]
[SourceVersion "1"]
[SourceVersionDate "2019.10.17"]
[SourceQuality "1"]
[WhiteTeam "Muenchen 77 Nord"]
[BlackTeam "Pasing II"]
[WhiteTeamCountry "GER"]
[BlackTeamCountry "GER"]

1. e4 e6 2. d4 d5 3. Nd2 Nf6 4. e5 Nfd7 5. f4 c5 6. c3 Nc6 7. Ndf3 Qb6 8. g3 cxd4 9. cxd4 Bb4+ 10. Kf2 g5 11. Ne2 g4 12. Ne1 f6 13. Be3 Rf8 14. Nc2 fxe5 15. dxe5 Bc5 16. Bxc5 Nxc5 17. Kg2 Nxe5 18. fxe5 Nb3 19. Ned4 Nxa1 20. Qxa1 Bd7 21. Bd3 0-0-0 22. a4 Kb8 23. Re1 Rc8 24. Re2 Rf7 25. b4 Qd8 26. Bb5 a6 27. Bxd7 Qxd7 28. b5 Rc4 29. Ne3 axb5 30. axb5 Rxd4 31. Qxd4 Qxb5 32. Rb2 Qa6 33. Qxg4 Qd3 34. Qg8+ 1-0

[Event "Regionalliga SW 0001"]
[Site "Bayern"]
[Date "2000.10.15"]
[Round "1.6"]
[White "Stoehr, Herbert"]
[Black "Lutz, Gerhard"]
[Result "1-0"]
[WhiteElo "1980"]
[BlackElo "1773"]
[PlyCount "155"]
[EventDate "2000.10.15"]
[EventType "team-tourn"]
[EventRounds "9"]
[EventCountry "GER"]
[SourceTitle "EXT 2020"]
[Source "ChessBase"]
[SourceDate "2019.10.17"]
[SourceVersion "1"]
[SourceVersionDate "2019.10.17"]
[SourceQuality "1"]
[WhiteTeam "Muenchen 77 Nord"]
[BlackTeam "Garching"]
[WhiteTeamCountry "GER"]
[BlackTeamCountry "GER"]

1. e4 e6 2. d4 d5 3. Nd2 Nc6 4. c3 e5 5. exd5 Qxd5 6. dxe5 Nxe5 7. Ngf3 Nd3+ 8. Bxd3 Qxd3 9. Ne5 Qd5 10. 0-0 Be6 11. Qa4+ c6 12. Ndf3 Nf6 13. c4 Qc5 14. Be3 Qb4 15. Qc2 Bd6 16. Rfd1 Bc7 17. a3 Qe7 18. b4 Ng4 19. Bc5 Qf6 20. Nxg4 Bxg4 21. h3 Be6 22. Nd4 b6 23. Nxe6 fxe6 24. Bd4 e5 25. Bc3 0-0 26. Rd7 Rf7 27. Rad1 Raf8 28. Rxf7 Rxf7 29. Qe2 Qf4 30. Bd2 Qf5 31. Be3 e4 32. Rd4 Rd7 33. Qd2 Rxd4 34. Qxd4 b5 35. c5 h6 36. Kf1 Kh7 37. Ke2 Be5 38. Qd2 Qg6 39. Kf1 Qe6 40. Qc2 Qd5 41. f3 Qd3+ 42. Qxd3 exd3 43. Bd2 Kg6 44. f4 Bd4 45. g4 Kf6 46. Kg2 Ke6 47. Kf3 Kd5 48. h4 Kc4 49. Ke4 Bc3 50. Ke3 Bxd2+ 51. Kxd2 Kd4 52. g5 Ke4 53. h5 Kxf4 54. gxh6 gxh6 55. Kxd3 Ke5 56. Ke3 a6 57. Kd3 Kd5 58. Ke3 Kc4 59. Ke4 Kb3 60. Kf5 Kxa3 61. Kg6 Kxb4 62. Kxh6 a5 63. Kg6 Kxc5 64. h6 Kb4 65. h7 c5 66. h8Q c4 67. Kf5 c3 68. Ke4 Kb3 69. Kd3 b4 70. Qg8+ Kb2 71. Qg2+ Kb3 72. Qd5+ Ka3 73. Qxa5+ Kb3 74. Qd5+ Kb2 75. Qc4 b3 76. Qxc3+ Ka2 77. Qa5+ Kb1 78. Kc3 1-0